000 01033nam a2200265 i 4500
001 000017935
003 DO-SdBNP
005 20231116084451.0
007 ta
008 100407s20uu dr ac r 001 0 spa d
040 _aDO-SdBNP
_bspa
_cBNPHU
_erda
082 4 _bI59d
_222
245 0 0 _aInstituto duartiano :
_borigen y objetivos. Leyes, decretos y reglamentos que lo rigen /
_crecopilación y notas, Víctor Zabala Sánchez ; presentación, Daniel Nicanor Pichardo.
246 1 4 _aInstituto duartiano :
_borigen y objetivos, leyes decretos y reglamentos que lo
264 _aSanto Domingo :
_bInstituto Duartiano,
_c199-.
300 _a148 páginas :
_bilustraciones, retratos;
_c22 cm.
336 _2rdacontent
_atexto
_btxt
337 _2rdamedia
_asin mediación
_bn
338 _2rdacarrier
_avolumen
_bnc
590 _aInventariado, 2023/BT
700 1 _aZabala Sánchez, Víctor,
_d1965-
_938901
_erecopilación y notas
700 1 _aNicanor Pichardo, Daniel,
_938902
_epresentación
910 _aBtavárez
942 _2ddc
_cLBS1
999 _c17459
_d17459